Faculty of Law Library — Cairo University

Official Online Catalog

الفكرة الصهيونية: (Record no. 71023)

MARC details
000 -LEADER
fixed length control field 01448nam a2200373 i 4500
003 - CONTROL NUMBER IDENTIFIER
control field EG-GICUC
005 - DATE AND TIME OF LATEST TRANSACTION
control field 20260422092135.0
008 - FIXED-LENGTH DATA ELEMENTS--GENERAL INFORMATION
fixed length control field 260415s1970 ua |||fr|||| 00| 0 ara d
040 ## - CATALOGING SOURCE
Original cataloging agency EG-GICUC
Language of cataloging ara
Transcribing agency EG-GICUC
Modifying agency EG-GICUC
Description conventions rda
041 ## - LANGUAGE CODE
Language code of text/sound track or separate title ara
082 04 - DEWEY DECIMAL CLASSIFICATION NUMBER
Edition number 21
Classification number 341.71
Item number أ ن . ف
092 04 - LOCALLY ASSIGNED DEWEY CALL NUMBER (OCLC)
Edition number 21
099 ## - LOCAL FREE-TEXT CALL NUMBER (OCLC)
Classification number Law1 11 341.71 أ ن . ف 1970
100 0# - MAIN ENTRY--PERSONAL NAME
Personal name أنيس صايغ
Relator term مشرف.
245 02 - TITLE STATEMENT
Title الفكرة الصهيونية:
Remainder of title النصوص الاساسية /
Statement of responsibility, etc. انيس صايغ;لطفي العابد ;موسى عنز;اسعد رزوق;هلدا شعبان صايغ ;ابراهيم العابد.
264 ## - PRODUCTION, PUBLICATION, DISTRIBUTION, MANUFACTURE, AND COPYRIGHT NOTICE
Place of production, publication, distribution, manufacture القاهرة:
Name of producer, publisher, distributor, manufacturer منظمة التحرير الفلسطينية مركز الابحاث,
Date of production, publication, distribution, manufacture, or copyright notice 1970.
300 ## - PHYSICAL DESCRIPTION
Extent 488؛ صفحة
Dimensions 24 سم
336 ## - CONTENT TYPE
Source rda content
Content type term text
337 ## - MEDIA TYPE
Source rda media
Media type term Computer
338 ## - CARRIER TYPE
Source rda carrier
Carrier type term Online Resource
490 ## - SERIES STATEMENT
Series statement كتب فلسطينية
International Standard Serial Number No.21
546 ## - LANGUAGE NOTE
Language note النص باللغة العربية
650 1# - SUBJECT ADDED ENTRY--TOPICAL TERM
Topical term or geographic name entry element دولي عام
Source of heading or term qrmak
650 1# - SUBJECT ADDED ENTRY--TOPICAL TERM
Topical term or geographic name entry element الصهيون
Source of heading or term qrmak
651 1# - SUBJECT ADDED ENTRY--GEOGRAPHIC NAME
Source of heading or term qrmak
700 ## - ADDED ENTRY--PERSONAL NAME
Personal name لطفي العابد
Relator term مترجم.
700 ## - ADDED ENTRY--PERSONAL NAME
Personal name موسى عنز
Relator term مترجم.
700 ## - ADDED ENTRY--PERSONAL NAME
Personal name اسعد رزوق
Relator term مساهم
700 ## - ADDED ENTRY--PERSONAL NAME
Personal name هلدا شعبان صايغ
Relator term مراجع.
700 ## - ADDED ENTRY--PERSONAL NAME
Personal name ابراهيم العابد
Relator term مراجع.
856 40 - ELECTRONIC LOCATION AND ACCESS
Uniform Resource Identifier <a href="https://fll.law.cu.edu.eg/fulltext/bks/B11-09698.pdf">https://fll.law.cu.edu.eg/fulltext/bks/B11-09698.pdf</a>
905 ## - Cataloger and Reviser Names
Cataloger Name: Esraa Hossam
942 ## - ADDED ENTRY ELEMENTS (KOHA)
Source of classification or shelving scheme Dewey Decimal Classification
Suppress in OPAC No
Koha item type Books
Edition 21
Holdings
Withdrawn status Lost status Source of classification or shelving scheme Damaged status Not for loan Collection Home library Current library Date acquired Source of acquisition Total checkouts Full call number Barcode Date last seen Copy number Price effective from Koha item type
    Dewey Decimal Classification   Not for loan القانون الدولي العام جــــامعة القــاهرة مكتبة كلية الحقوق - المبنى الرئيسي 15.04.2026 إهداء مكتبة الأستاذ الدكتور صلاح عامر   Law1 11 341.71 أ ن . ف 1970 1109698 C1 B11-09698 15.04.2026 1 15.04.2026 Books

© All rights reserved — Faculty of Law, Cairo University